00895cam a22002417a 4500003000500000005001700005008004100022010001000063011001000073020001500083035001000098040000900108082001600117100003900133245018400172260003700356300001100393500004900404650004900453650005500502650004300557650005300600CHAP20220329142754.0030821d2002 mx r 00110 spa d a87579 a88551 a9687040386 a99096 cCHAP04a378.063bM300aMaldonado Reynoso, Norma Patricia.13aLa Universidad virtual en México :bincorporación de las nuevas tecnologías de comunicación en la modernización educativa superiorc/por Norma Patricia Maldonado Reynoso aMéxico, D.F. ;bANUIES,c2002. a193 p. aPremio ANUIES 2001 mejor tesis de Maestría14aEducación superiorxEstudio y enseñanza.14aEducación superiorxInnovaciones tecnológicas.14aEducación superiorxInvestigación.14aEducación superiorxSistemas de información.